000 00509nam a22001937a 4500
003 OSt
005 20260611160635.0
008 260611b |||||||| |||| 00| 0 eng d
020 _a0761939148
040 _cChuka University Library
050 _aLB 2838.8
_b.W3 2003
100 _aWachter Joanne C.
_928736
245 _aTime Saving Tips For Teachers
250 _a2nd
260 _aCalifornia
_bCorwin Press
_c2003
300 _a135.p
650 _a Teachers Time Management
_928737
942 _2lcc
_cBK
_n0
999 _c24063
_d24063